La mancha y el quijote

Gespeichert in:
Bibliographische Detailangaben
1. Verfasser: Dotor, Angel (VerfasserIn)
Format: Buch
Sprache:Spanisch
Veröffentlicht: Barcelona Cervantes 1930
Ausgabe:1a. ed
Schriftenreihe:La Enciclopedia Gráfica
Schlagworte:
Tags: Tag hinzufügen
Keine Tags, Fügen Sie den ersten Tag hinzu!

MARC

LEADER 00000cam a2200000 a 4500
001 UCE5575
003 CL-VaPUC
008 150123e19300000sp |||||||||||||||||spa|d
082 0 4 |a 863  |b DOT  |2 21 
100 0 |a Dotor, Angel  |e author  |9 578249 
245 1 3 |a La mancha y el quijote 
250 |a 1a. ed 
300 |a pág. irreg 
942 |c BK 
945 |d 20150123 15:06:00  |a arojas 
260 |a Barcelona  |b Cervantes  |c 1930 
600 0 |a Cervantes y Saavedra, Miguel de  |9 267947 
650 0 |a Novelas españolas  |9 265052 
650 0 |a Literatura española  |9 306261 
583 |a last modification  |c 20150123 15:06:00  |k Rodrigo Vera 
490 0 |a La Enciclopedia Gráfica 
999 |c 358252  |d 358250 
952 |0 0  |1 0  |3 erb  |4 0  |6 863_000000000000000_DOT_1930  |7 0  |8 X  |9 466865  |a FDOBUD  |b FDOBUD  |i 5150795  |o 863 DOT 1930  |p 5150795  |r 2019-11-23  |w 2019-11-23  |y BK_X  |z Catalogado en:20150123  |k BUD